| 000 | 01001nam a2200313 4500 | ||
|---|---|---|---|
| 001 | 45577 | ||
| 010 | _a9789722043380 | ||
| 021 | _b326856/11 | ||
| 090 | _a45577 | ||
| 100 | _a20111221d2011 cd y0pory5003 ba | ||
| 101 | 1 | _apor | |
| 102 | _aPT | ||
| 200 | 1 |
_aCarros _e2 _fDisney, Pixar _gadapt. Lisa Marsoli _gil. Caroline LaVelle Egan... [et al.] _gtrad. Marta Nazaré _eo livro do filme |
|
| 205 | _a1.ª ed | ||
| 210 | 9 |
_aAlfragide _cDom Quixote, _d2011 |
|
| 215 |
_a29 p. _cil. _d23 cm |
||
| 225 | 2 | _aCarros 2 | |
| 304 | _aTít. orig.: Cars 2 | ||
| 675 |
_a087.5 _vBN _zpor |
||
| 675 |
_a821.111(73)-93"19/20" _vBN _zpor |
||
| 675 |
_a821.111(73)-34"19/20" _vBN _zpor |
||
| 702 | 1 |
_aMarsoli, _bLisa Ann, _f1958- _4010 |
|
| 702 | 1 |
_aEgan, _bCaroline _4440 |
|
| 702 | 1 |
_aNazaré, _bMarta _4730 |
|
| 710 | 0 | 2 | _aWalt Disney Productions |
| 711 | 0 | 2 | _aPixar Animation Studios |
| 801 | 0 |
_aPT _bBN _gRPC |
|
| 856 | 4 | 1 | _uhttp://rnod.bnportugal.gov.pt/ImagesBN/winlibimg.aspx?skey=&doc=1798223&img=3642&save=true |
| 990 | _cMON | ||